[Event "Busovaca op 1st"]
[White "Topoljak, Mehmed"]
[Black "Aydemir, Umut"]
[Site "Busovaca"]
[Round "6"]
[Result "0-1"]
[Date "2024.09.29"]
[WhiteElo "1927"]
[BlackElo "1953"]
[PlyCount "98"]
[EventDate "2024.09.26"]
[EventType "swiss"]
[EventRounds "7"]
[EventCountry "BIH"]
[SourceTitle "EXT 2025"]
[Source "ChessBase"]
[SourceDate "2024.10.14"]
[SourceVersion "1"]
[SourceVersionDate "2024.10.14"]
[SourceQuality "1"]

1. e4 e5 2. Nf3 Nc6 3. d4 exd4 4. Nxd4 Bc5 5. Be3 Qf6 6. c3 Nge7 7. Bc4 b6 8. 0-0 Bb7 9. Nb5 0-0-0 10. Bxc5 bxc5 11. Nd2 d5 12. Bxd5 Nxd5 13. exd5 Rxd5 14. Qg4+ Kb8 15. Ne4 Qe5 16. c4 Rdd8 17. Ng5 f5 18. Qg3 f4 19. Qh4 Qf6 20. Rfe1 h6 21. Nf3 g5 22. Qh5 Nd4 23. Ne5 Nc2 24. Nf7 Nxa1 25. Nxd8 Rxd8 26. Rxa1 f3 27. Nc3 Qb6 28. b3 Qf6 29. Rd1 Rxd1+ 30. Nxd1 Bc6 31. gxf3 Qa1 32. f4 gxf4 33. Qe2 f3 34. Qd3 Qxa2 35. h3 Qa1 36. Kh2 Qe5+ 37. Kh1 Qe2 38. Qd8+ Kb7 39. Kh2 Qf1 40. Kg3 Qg2+ 41. Kh4 Bd7 42. Kh5 Qxh3+ 43. Kg6 Qe6+ 44. Kh7 Qd6 45. Qh4 Qxd1 46. Qe4+ Bc6 47. Qe5 Qd7+ 48. Kxh6 Qd6+ 49. Qxd6 cxd6 0-1

[Event "BIH-chT 1A 31st"]
[White "Bucan, Eldin"]
[Black "Topoljak, Mehmed"]
[Site "Tuzla"]
[Round "7.5"]
[Result "1-0"]
[Date "2024.08.24"]
[WhiteElo "2092"]
[BlackElo "1927"]
[PlyCount "100"]
[EventDate "2024.08.20"]
[EventType "team-tourn"]
[EventRounds "9"]
[EventCountry "BIH"]
[SourceTitle "CBM 221 Extra"]
[Source "ChessBase"]
[SourceDate "2024.09.30"]
[SourceVersion "1"]
[SourceVersionDate "2024.09.30"]
[SourceQuality "1"]
[WhiteTeam "Sarajevo Alpong"]
[BlackTeam "Zenica Preporod"]
[WhiteTeamCountry "BIH"]
[BlackTeamCountry "BIH"]

1. e4 d6 2. d4 Nf6 3. Nc3 e5 4. Nf3 exd4 5. Nxd4 Be7 6. Be2 0-0 7. 0-0 Re8 8. Bf4 Bf8 9. Bf3 Nbd7 10. Re1 Ne5 11. Qd2 Bd7 12. Rad1 c6 13. Bg3 b5 14. Qc1 Qa5 15. Nb3 Qb6 16. Re3 Rad8 17. Be2 a5 18. Nd4 Nfg4 19. Bxg4 Nxg4 20. Ree1 b4 21. Nce2 Nf6 22. f3 c5 23. Nb3 Be6 24. Nf4 Bc8 25. Qe3 a4 26. Nd2 h6 27. Nc4 Qc7 28. Qf2 g5 29. Nd5 Nxd5 30. exd5 Bf5 31. h4 Qb7 32. Rxe8 Rxe8 33. Bxd6 Bg7 34. Bxc5 Qa6 35. b3 gxh4 36. Nd6 Re2 37. Qxh4 Bg6 38. Nc4 axb3 39. axb3 Bxc2 40. d6 Bxd1 41. d7 Bf6 42. d8Q+ Bxd8 43. Qxd8+ Kh7 44. Qxd1 Qa2 45. Qd3+ Kg8 46. Ne3 Re1+ 47. Kh2 Qa5 48. Qd6 Kh7 49. Qd5 Qc7+ 50. Bd6 Qd7 1-0

[Event "BIH-chT 1A 31st"]
[White "Sadikovic, Jasmin"]
[Black "Topoljak, Mehmed"]
[Site "Tuzla"]
[Round "5.5"]
[Result "1/2-1/2"]
[Date "2024.08.22"]
[WhiteElo "2066"]
[BlackElo "1927"]
[PlyCount "36"]
[EventDate "2024.08.20"]
[EventType "team-tourn"]
[EventRounds "9"]
[EventCountry "BIH"]
[SourceTitle "CBM 221 Extra"]
[Source "ChessBase"]
[SourceDate "2024.09.30"]
[SourceVersion "1"]
[SourceVersionDate "2024.09.30"]
[SourceQuality "1"]
[WhiteTeam "Gorazde"]
[BlackTeam "Zenica Preporod"]
[WhiteTeamCountry "BIH"]
[BlackTeamCountry "BIH"]

1. e4 d6 2. d4 Nf6 3. Nc3 e5 4. dxe5 dxe5 5. Bg5 Be6 6. Qxd8+ Kxd8 7. 0-0-0+ Nbd7 8. f4 exf4 9. Bxf4 Bb4 10. Nd5 Nxd5 11. exd5 Bf5 12. Bd3 Bxd3 13. Rxd3 Re8 14. Nf3 Re4 15. Bg3 Be7 16. Re1 Rxe1+ 17. Nxe1 Nc5 18. Rd4 a5 1/2-1/2

[Event "Konjic op 12th"]
[White "Topoljak, Mehmed"]
[Black "Tukovic, Dario"]
[Site "Konjic"]
[Round "6"]
[Result "0-1"]
[Date "2023.03.04"]
[WhiteElo "1745"]
[BlackElo "2087"]
[PlyCount "152"]
[EventDate "2023.03.01"]
[EventType "swiss"]
[EventRounds "7"]
[EventCountry "BIH"]
[SourceTitle "CBM 213 Extra"]
[Source "ChessBase"]
[SourceDate "2023.05.31"]
[SourceVersion "1"]
[SourceVersionDate "2023.05.31"]
[SourceQuality "1"]

1. e4 d6 2. d4 Nf6 3. Nc3 c6 4. Nf3 Qa5 5. Bd3 e5 6. Bg5 Be7 7. dxe5 dxe5 8. 0-0 Bg4 9. Qe2 Nbd7 10. Rad1 h6 11. Bh4 Bb4 12. h3 Bxf3 13. Qxf3 Bxc3 14. bxc3 Qxa2 15. Bxf6 gxf6 16. Ra1 Qe6 17. Rfb1 b5 18. Ra5 a6 19. Qe3 Qd6 20. c4 Rb8 21. cxb5 cxb5 22. c4 Nc5 23. Be2 Qc7 24. Rba1 Ne6 25. cxb5 Nd4 26. bxa6 0-0 27. Bd1 Kg7 28. Qa3 Qa7 29. Rd5 Rfc8 30. Qa4 Rc6 31. Qa3 Nb5 32. Qg3+ Kh7 33. Ba4 Rxa6 34. Bxb5 Rxa1+ 35. Kh2 Rg8 36. Qf3 Qb6 37. Rd7 Ra7 38. Qf5+ Rg6 39. Rd5 Qe6 40. Qf3 Rb7 41. Bc4 Qc6 42. Be2 Ra7 43. h4 Qe6 44. Bc4 Qg4 45. Be2 Qxh4+ 46. Kg1 Qg5 47. Rd1 Rc7 48. g3 Rc1 49. Rxc1 Qxc1+ 50. Kg2 Qg5 51. Qh5 Rg7 52. Qf3 Rg6 53. Kg1 Rg8 54. Kg2 Rd8 55. Qb3 Qg6 56. Bf3 Kg7 57. Qe3 h5 58. Kh2 Qg5 59. Qxg5+ fxg5 60. Bxh5 Rh8 61. g4 Rb8 62. Kg3 Rb3+ 63. f3 Kf6 64. Kf2 Ke6 65. Ke2 Ra3 66. Kf2 Ra7 67. Ke2 Ra8 68. Kf2 Rh8 69. Kg3 Rh6 70. Kf2 Rf6 71. Ke3 Kd6 72. Ke2 Kc5 73. Ke3 Kc4 74. f4 Rxf4 75. Kd2 Kd4 76. Ke2 Kxe4 0-1

[Event "Konjic op 12th"]
[White "Topoljak, Mehmed"]
[Black "Vukovic, Sara"]
[Site "Konjic"]
[Round "2"]
[Result "1-0"]
[Date "2023.03.02"]
[WhiteElo "1745"]
[BlackElo "1348"]
[PlyCount "63"]
[EventDate "2023.03.01"]
[EventType "swiss"]
[EventRounds "7"]
[EventCountry "BIH"]
[SourceTitle "CBM 213 Extra"]
[Source "ChessBase"]
[SourceDate "2023.05.31"]
[SourceVersion "1"]
[SourceVersionDate "2023.05.31"]
[SourceQuality "1"]

1. e4 c5 2. Nf3 d6 3. d4 cxd4 4. Nxd4 Nf6 5. Nc3 a6 6. Bc4 e6 7. Bg5 Be7 8. Qd2 b5 9. Bb3 Bb7 10. f3 Nc6 11. 0-0-0 Nxd4 12. Qxd4 Qc7 13. Rhe1 Rd8 14. f4 Qc5 15. Qd3 h6 16. Bh4 Ng4 17. Bg3 Nf2 18. Bxf2 Qxf2 19. f5 Bg5+ 20. Kb1 e5 21. Nxb5 axb5 22. Qxb5+ Rd7 23. Bxf7+ Ke7 24. Qb3 Rhd8 25. Bg6 Rf8 26. Rf1 Qxg2 27. f6+ Rxf6 28. Rxf6 Kxf6 29. Be8 Qe2 30. Rxd6+ Ke7 31. Rxd7+ Kxe8 32. Qf7# 1-0